000
00348nam a2200133 a 4500
005
20140513081057.0
008
080110s19uu xx 00 eng d
050
_a
VCD
_b
Te253 2007
245
_a
Team up for adventure/.
260
_b
Walt Disney,
_c
2007.
440
_a
Little Einsteins :
650
_a
Journey-exploration-fiction.
999
_c
116605
_d
116605